| 000 | 005030000a22001690004500 | ||
|---|---|---|---|
| 003 | MACL | ||
| 005 | 20160219115448.0 | ||
| 008 | 160219b xxu||||| |||| 00| 0 eng d | ||
| 040 |
_aMACL _cMACL |
||
| 041 | _aHindi | ||
| 082 | _a370/YAD | ||
| 100 |
_aयदुवंशी _938995 |
||
| 245 | _aमानवतावाद और शिक्षा | ||
| 260 |
_bआरियन्ट लौंगमन्स _aकलकत्ता |
||
| 650 |
_aEducation _938996 |
||
| 942 |
_cHIN _k370 _2ddc |
||
| 999 |
_c24878 _d24878 |
||